[Event "Superettan(Orgryte-Rockaden,Umea)"]
[Site "?"]
[Date "2016.03.19"]
[Round "8"]
[White "Nygren, David"]
[Black "Fransson, Percy"]
[Result "1/2-1/2"]
[WhiteElo "2175"]
[BlackElo "2121"]
[PlyCount "56"]
1. e4 e6 2. d4 d5 3. Nc3 Bb4 4. e5 c5 5. a3 Bxc3+ 6. bxc3 Qc7 7. Nf3 b6 8. Bb5+
Bd7 9. a4 Bxb5 10. axb5 a5 11. O-O Nd7 12. Ng5 Nh6 13. Qh5 Nf8 14. dxc5 Qxc5
15. Be3 Qc7 16. c4 Qxc4 17. Bxb6 Qxb5 18. Rfb1 Qc6 19. Nf3 Ng6 20. Bxa5 O-O 21.
Bd2 Qxc2 22. Bxh6 gxh6 23. Qxh6 Qf5 24. Qe3 Qf4 25. Qxf4 Nxf4 26. g3 Ng6 27. h4
Ne7 28. Rxa8 Rxa8 1/2-1/2

[Event "Superettan(Schack 08-Malmo)"]
[Site "?"]
[Date "2016.03.19"]
[Round "8"]
[White "Magnusson, Roger"]
[Black "Ottenklev, Niclas"]
[Result "0-1"]
[WhiteElo "1967"]
[BlackElo "2204"]
[PlyCount "158"]
1. d4 d5 2. Nc3 e6 3. Bf4 Bd6 4. Qd2 Nf6 5. f3 a6 6. Bxd6 Qxd6 7. e4 Qe7 8. Qg5
dxe4 9. fxe4 O-O 10. Nf3 h6 11. Qh4 c5 12. O-O-O cxd4 13. Rxd4 Nc6 14. Rd1 e5
15. h3 b5 16. Bd3 Bb7 17. g4 Nd4 18. Nd2 Rfe8 19. Qf2 b4 20. Ne2 Nxe2+ 21. Qxe2
Nd7 22. Bc4 Nc5 23. h4 Ne6 24. g5 hxg5 25. hxg5 Qxg5 26. Rdg1 Qf6 27. Qh5 Kf8
28. Rf1 Nf4 29. Qg4 Bc8 30. Qf3 Be6 31. Qb3 a5 32. Kb1 Bxc4 33. Qxc4 Qd6 34.
Nf3 Rac8 35. Qb3 Qe6 36. Qa4 Qc6 37. Qxc6 Rxc6 38. Rh8+ Ke7 39. Rxe8+ Kxe8 40.
Nxe5 Rf6 41. Nc4 g5 42. e5 Ra6 43. Kc1 Ke7 44. Kd2 Ke6 45. Ke3 Ra7 46. Ke4 f5+
47. exf6 Kxf6 48. Rd1 Re7+ 49. Kf3 Kf5 50. Ne3+ Kf6 51. Rd4 Kg6 52. Rd6+ Re6
53. Rd7 Rf6 54. Ke4 Ne6 55. Ke5 Nc5 56. Re7 Na4 57. Ra7 Nxb2 58. Rxa5 Rf3 59.
Ra6+ Kh5 60. Ke4 Rf4+ 61. Ke5 Nc4+ 62. Nxc4 Rxc4 63. Rb6 Rxc2 64. Rxb4 Rxa2 65.
Rb1 Ra3 66. Rf1 Kg4 67. Ke4 Ra4+ 68. Ke3 Ra2 69. Rf8 Kg3 70. Rf3+ Kg2 71. Rf8
g4 72. Rh8 g3 73. Rb8 Kh2 74. Rh8+ Kg1 75. Rb8 g2 76. Rh8 Ra7 77. Ke2 Re7+ 78.
Kd1 Re4 79. Kd2 Kf2 0-1

[Event "Superettan(Solna-Vaxjo)"]
[Site "?"]
[Date "2016.03.19"]
[Round "8"]
[White "Sevastianov, Andrii"]
[Black "Dalmau, Jorgen"]
[Result "1-0"]
[WhiteElo "2153"]
[BlackElo "2130"]
[PlyCount "99"]
1. c4 e5 2. g3 Nc6 3. Nc3 g6 4. Bg2 Bg7 5. e4 d6 6. Nge2 f5 7. d3 Nf6 8. O-O
O-O 9. Nd5 Be6 10. Bg5 Qd7 11. Qd2 Rf7 12. exf5 Bxf5 13. Nxf6+ Bxf6 14. Bd5 Be6
15. Bxf6 Rxf6 16. d4 Bxd5 17. cxd5 Nxd4 18. Nxd4 exd4 19. Qxd4 Rf5 20. Rae1 Qg7
21. Qc4 Raf8 22. Re2 Qf7 23. Rc2 Rxd5 24. Qxc7 Qxc7 25. Rxc7 Rf7 26. Rfc1 Rdf5
27. f4 h6 28. Kg2 Rb5 29. b3 h5 30. Kf3 Kg7 31. h3 a5 32. g4 hxg4+ 33. hxg4 a4
34. bxa4 Rb4 35. R7c4 Rb2 36. R1c2 Rb1 37. Rc1 Rb2 38. Rc7 Rxa2 39. Rxf7+ Kxf7
40. Rc7+ Ke6 41. g5 Ra3+ 42. Kg4 d5 43. Rg7 d4 44. Rxg6+ Kd5 45. Rg8 Rxa4 46.
g6 Ke6 47. f5+ Ke7 48. Kg5 Ra5 49. Rb8 d3 50. g7 1-0

[Event "Superettan(Orgryte-Rockaden,Umea)"]
[Site "?"]
[Date "2016.03.19"]
[Round "8"]
[White "Fransson, Patrick"]
[Black "Mardell, Jimmy"]
[Result "0-1"]
[WhiteElo "2108"]
[BlackElo "2106"]
[PlyCount "112"]
1. d4 Nf6 2. Bg5 e6 3. e3 h6 4. Bh4 Be7 5. Nd2 d6 6. Bd3 Nbd7 7. c3 c5 8. Ne2
b6 9. O-O Bb7 10. e4 e5 11. Bxf6 Bxf6 12. d5 O-O 13. Ng3 g6 14. Nf3 Bg7 15. Qd2
Nf6 16. c4 Bc8 17. a3 Bg4 18. Ne1 Qe7 19. Nc2 Bd7 20. b4 Rfb8 21. Rab1 Qd8 22.
h3 Be8 23. Ne3 cxb4 24. axb4 Nd7 25. Be2 a5 26. Rb3 axb4 27. Rxb4 Nc5 28. Rfb1
Ra6 29. Nd1 h5 30. Nc3 Kh7 31. Bd3 Bh6 32. Qe2 Ra3 33. Qb2 Ra6 34. Bf1 Qc7 35.
Qc2 Qa7 36. Nge2 Bd7 37. Nc1 Bxc1 38. Qxc1 Ra3 39. Qb2 Ra6 40. Be2 Qc7 41. Rf1
Be8 42. Qd2 Nd7 43. Kh2 Qc5 44. Rb3 Rba8 45. Nb5 Ra2 46. Qe3 Rd8 47. Qf3 Kg8
48. g3 Nf6 49. Kg2 Bxb5 50. Rxb5 Qd4 51. Bd3 Rd2 52. Bb1 Rc8 53. Rc1 Ng4 54.
Rf1 Ne3+ 55. Kg1 Nxf1 56. Kxf1 Qxc4+ 0-1

[Event "Superettan(Schack 08-Malmo)"]
[Site "?"]
[Date "2016.03.19"]
[Round "8"]
[White "Faldt, Magnus"]
[Black "Lindahl, Jonas"]
[Result "1-0"]
[WhiteElo "2185"]
[BlackElo "2116"]
[PlyCount "49"]
1. d4 g6 2. Nf3 Bg7 3. c4 d6 4. e4 Nc6 5. d5 Nb8 6. Be2 Nf6 7. Nc3 e6 8. Bg5 h6
9. Be3 Na6 10. Nd2 exd5 11. cxd5 Nc5 12. O-O a5 13. e5 Nfd7 14. exd6 cxd6 15.
Nb5 Bxb2 16. Nxd6+ Kf8 17. Rb1 Be5 18. N2c4 Bf6 19. Qd2 Kg7 20. Rfc1 Qe7 21.
Bf3 Bg5 22. Re1 Bxe3 23. Rxe3 Qg5 24. Ne8+ Kh7 25. Qd4 1-0

[Event "Superettan(Solna-Vaxjo)"]
[Site "?"]
[Date "2016.03.19"]
[Round "8"]
[White "Bjarnehag, Peter"]
[Black "Gonzalez, Emilio"]
[Result "1-0"]
[WhiteElo "2125"]
[BlackElo "1846"]
[PlyCount "75"]
[EventDate "2016.??.??"]
1. Nf3 Nf6 2. c4 c5 3. Nc3 g6 4. e4 Nc6 5. d4 cxd4 6. Nxd4 d6 7. Be2 Nxd4 8.
Qxd4 Bg7 9. Bg5 O-O 10. Qd2 Qa5 11. Rc1 a6 12. f3 b5 13. cxb5 axb5 14. Bxb5
Nxe4 15. fxe4 Bxc3 16. Qxc3 Qxb5 17. Bh6 e5 18. Bxf8 Bg4 19. Qc4 Qa5+ 20. b4
Qd8 21. O-O Qxf8 22. b5 Be6 23. Qb4 Rxa2 24. b6 Qh6 25. b7 Qe3+ 26. Kh1 Qe2 27.
b8=Q+ Kg7 28. Rg1 Bh3 29. Qf8+ Kxf8 30. Qxd6+ Kg7 31. Qxe5+ Kh6 32. Qg3 Be6 33.
Qf4+ Kg7 34. Qe5+ Kh6 35. Rcf1 Bh3 36. Qf4+ g5 37. Qf6+ Kh5 38. Qxf7+ 1-0

[Event "Superettan(Kamraterna-Upsala)"]
[Site "?"]
[Date "2016.03.19"]
[Round "8"]
[White "Burwick, Malte"]
[Black "Andreasson, Ingvar"]
[Result "1-0"]
[WhiteElo "2234"]
[BlackElo "2375"]
[PlyCount "66"]
1. Nf3 c5 2. g3 g6 3. Bg2 Bg7 4. O-O Nc6 5. c4 h5 6. Nc3 Nh6 7. e3 Nf5 8. h3
O-O 9. a3 a6 10. b4 cxb4 11. axb4 Nxb4 12. d4 Nc6 13. Qe2 d6 14. Bd2 Bd7 15.
Rfb1 Rb8 16. Qf1 e6 17. Ne4 b5 18. g4 hxg4 19. hxg4 Nh6 20. g5 Nf5 21. d5 Ne5
22. Nxe5 dxe5 23. Ba5 Qc8 24. d6 Qxc4 25. Qxc4 bxc4 26. Rxb8 Rxb8 27. Nc5 Bb5
28. Bc7 Rc8 29. Bb7 Nxd6 30. Bxd6 e4 31. Bxc8 Bxa1 32. Bxa6 Bxa6 33. Nxa6 Bb2
1-0

[Event "Superettan(VasterasII-Rockaden,SthlmII)"]
[Site "?"]
[Date "2016.03.19"]
[Round "8"]
[White "Hedman, Erik"]
[Black "Janse, Rasmus"]
[Result "1-0"]
[WhiteElo "2349"]
[BlackElo "2214"]
[PlyCount "171"]
[SourceDate "2016.04.09"]
1. d4 g6 2. c4 Bg7 3. Nc3 c5 4. d5 d6 5. e4 Nf6 6. Bd3 O-O 7. Nge2 e6 8. h3
exd5 9. cxd5 Ne8 10. O-O a6 11. a4 Nd7 12. Ng3 Rb8 13. Rb1 Nc7 14. Bd2 b5 15.
axb5 Nxb5 16. Nxb5 axb5 17. b4 c4 18. Bc2 Ra8 19. Ne2 Qh4 20. Qc1 h6 21. Bc3
Bxc3 22. Nxc3 Rb8 23. Ra1 g5 24. Qe3 Ne5 25. Ra5 g4 26. Qf4 Qg5 27. Qxg5+ hxg5
28. hxg4 Bxg4 29. f3 Bc8 30. Rfa1 Kg7 31. Rxb5 Bd7 32. Rxb8 Rxb8 33. b5 Kf6 34.
Kf2 Rb7 35. Ra5 Ke7 36. Ke3 Kd8 37. g3 Kc7 38. f4 gxf4+ 39. gxf4 Nd3 40. Bxd3
cxd3 41. Kxd3 Kb6 42. Ra1 Kc5 43. Na4+ Kxb5 44. Kd4 Ra7 45. Rb1+ Ka6 46. Nc3
Rb7 47. Ra1+ Kb6 48. Rc1 f6 49. Ne2 Rc7 50. Rb1+ Bb5 51. Ke3 Ka6 52. Rb3 Rh7
53. Ng3 Kb6 54. Kd4 Rh3 55. Rc3 Bd7 56. Ne2 Rxc3 57. Nxc3 Bg4 58. Nb1 Kc7 59.
Na3 Kd7 60. Nc4 Ke7 61. Ne3 Be2 62. Nf5+ Kd7 63. Ke3 Bc4 64. Kf3 Bd3 65. Ng3
Ke7 66. Kg4 Ba6 67. Nf5+ Kd7 68. Kh5 Bd3 69. Ng3 Ke7 70. Kg6 Bc2 71. Nf5+ Kd7
72. Kxf6 Bxe4 73. Ne3 Bf3 74. Kf7 Be4 75. f5 Bf3 76. f6 Bh5+ 77. Kf8 Bg6 78. f7
Bh5 79. Kg7 Ke7 80. f8=Q+ Kd7 81. Qf5+ Ke7 82. Qxh5 Kd7 83. Qf7+ Kd8 84. Kf6
Kc8 85. Ke6 Kd8 86. Qd7# 1-0

[Event "Superettan(Kamraterna-Upsala)"]
[Site "?"]
[Date "2016.03.19"]
[Round "8"]
[White "Aberg, Anton"]
[Black "Johansson, Jan"]
[Result "0-1"]
[WhiteElo "2382"]
[BlackElo "2368"]
[PlyCount "62"]
1. d4 Nf6 2. Bg5 Ne4 3. Bf4 c5 4. d5 Qb6 5. Nd2 Nxd2 6. Bxd2 Qxb2 7. e4 g6 8.
Rb1 Qa3 9. Rb3 Qa4 10. Qa1 Qd4 11. Qxd4 cxd4 12. f4 Bg7 13. Nf3 O-O 14. h4 d6
15. h5 Nd7 16. hxg6 hxg6 17. Bd3 Nc5 18. Rb1 a6 19. Kf2 Bd7 20. Rbg1 Bb5 21.
Ne1 f5 22. exf5 Bxd3 23. cxd3 Rxf5 24. Ke2 Rxd5 25. Nf3 Ne6 26. Rb1 b5 27. Nh4
Kf7 28. g4 Rh8 29. f5 gxf5 30. gxf5 Nc5 31. Nf3 Rxf5 0-1

[Event "Superettan(VasterasII-Rockaden,SthlmII)"]
[Site "?"]
[Date "2016.03.19"]
[Round "8"]
[White "Landgren, Andreas"]
[Black "Berovski, Krum"]
[Result "0-1"]
[WhiteElo "2253"]
[BlackElo "2316"]
[PlyCount "70"]
1. d4 Nf6 2. c4 e6 3. Nc3 Bb4 4. Qc2 O-O 5. a3 Bxc3+ 6. Qxc3 b6 7. Bg5 Bb7 8.
e3 d6 9. Ne2 Nbd7 10. Qc2 c5 11. Rd1 Qc7 12. Nc3 cxd4 13. Rxd4 Qc5 14. Bh4 a5
15. Qd1 d5 16. cxd5 Bxd5 17. Nxd5 exd5 18. Be2 Rac8 19. O-O Qc2 20. Rd2 Qf5 21.
Qb3 Qe6 22. Rfd1 Nc5 23. Qa2 Nce4 24. Rd4 g5 25. Bg3 h5 26. R4d3 Rc2 27. Bf3 h4
28. Qb1 Rfc8 29. Bxe4 Nxe4 30. Bb8 Rxf2 31. Rxd5 Rcc2 32. Be5 Rxg2+ 33. Kh1
Rxh2+ 34. Bxh2 Ng3+ 35. Kg1 Qxe3# 0-1

[Event "Superettan(Kamraterna-Upsala)"]
[Site "?"]
[Date "2016.03.19"]
[Round "8"]
[White "Thorgeirsson, Sverrir"]
[Black "Svensson, Bengt"]
[Result "1-0"]
[WhiteElo "2283"]
[BlackElo "2339"]
[PlyCount "75"]
1. d4 d5 2. Nf3 Nf6 3. Bf4 c5 4. c3 cxd4 5. cxd4 Nc6 6. Nc3 Bf5 7. Rc1 e6 8. e3
Bb4 9. Bd3 Bxd3 10. Qxd3 O-O 11. O-O Rc8 12. a3 Bd6 13. Bxd6 Qxd6 14. Rc2 a6
15. Rfc1 Nd7 16. b4 Nb6 17. e4 dxe4 18. Nxe4 Qf4 19. Nc5 Nd8 20. g3 Qd6 21. Ng5
g6 22. Nge4 Qe7 23. Qe3 Nd5 24. Qh6 Rc7 25. h4 b6 26. Nd3 Rxc2 27. Rxc2 f6 28.
Nc3 Qd6 29. Nxd5 Qxd5 30. Qe3 Qd7 31. Qe4 Nf7 32. Nf4 Re8 33. Qc6 Qd8 34. Nxe6
Qe7 35. d5 Ne5 36. Qxb6 Qd7 37. Qc7 Re7 38. Qc8+ 1-0

[Event "Superettan(VasterasII-Rockaden,SthlmII)"]
[Site "?"]
[Date "2016.03.19"]
[Round "8"]
[White "Bit-Narva, David"]
[Black "Brustkern, Jurgen"]
[Result "1/2-1/2"]
[WhiteElo "2096"]
[BlackElo "2198"]
[PlyCount "104"]
1. e4 g6 2. d4 Bg7 3. Nc3 Nc6 4. Nf3 d5 5. Nxd5 e6 6. Ne3 Nxd4 7. Nxd4 Qxd4 8.
Qxd4 Bxd4 9. Nc4 f6 10. c3 Bc5 11. Bf4 b5 12. Na5 Bd7 13. Bxc7 Rc8 14. Bf4 e5
15. Bd2 Rb8 16. Bd3 Ne7 17. O-O O-O 18. Bc2 Bb6 19. Nb3 Rfc8 20. Nc1 Be6 21.
Bb3 Bc4 22. Re1 a5 23. a4 Bxb3 24. Nxb3 bxa4 25. Rxa4 Bxf2+ 26. Kxf2 Rxb3 27.
Bc1 Rb5 28. Rd1 Rc7 29. Rd6 Kf7 30. Ra6 Rcc5 31. c4 Rb3 32. R6xa5 Rc7 33. Ra7
Rxa7 34. Rxa7 Ke6 35. c5 Rb4 36. Ra6+ Kf7 37. Kf3 f5 38. exf5 gxf5 39. Ra7 Ke6
40. Ra6+ Kd5 41. Rb6 Kxc5 42. Rxb4 Kxb4 43. g4 fxg4+ 44. Kxg4 Kb3 45. h4 e4 46.
h5 Nd5 47. Kf5 e3 48. Bxe3 Nxe3+ 49. Kg5 Nd5 50. Kh6 Nf6 51. Kg7 Nxh5+ 52. Kxh7
Kxb2 1/2-1/2

[Event "Superettan(Kamraterna-Upsala)"]
[Site "?"]
[Date "2016.03.19"]
[Round "8"]
[White "Svenn, Gosta"]
[Black "Johansson, Thomas"]
[Result "1-0"]
[WhiteElo "2301"]
[BlackElo "2219"]
[PlyCount "123"]
1. d4 d5 2. c4 c6 3. Nf3 Nf6 4. e3 Bf5 5. Bd3 Bxd3 6. Qxd3 e6 7. O-O Nbd7 8.
Nc3 Be7 9. Rd1 O-O 10. e4 dxe4 11. Nxe4 Nxe4 12. Qxe4 Nf6 13. Qe2 Qc7 14. Bg5
h6 15. Bh4 Qf4 16. Rd3 b5 17. cxb5 cxb5 18. d5 Nxd5 19. Rxd5 exd5 20. Qxe7 Rac8
21. h3 Rc1+ 22. Rxc1 Qxc1+ 23. Kh2 Qxb2 24. Qxa7 Qc3 25. Bg3 Qc6 26. Nd4 Qa8
27. Qd7 b4 28. Nc6 Qxa2 29. Nxb4 Qa8 30. Nxd5 Rd8 31. Ne7+ Kh8 32. Qc7 Re8 33.
Nf5 Qd5 34. Nd6 Rf8 35. Qe7 Kg8 36. Qh4 Qe6 37. Qh5 Rd8 38. Qc5 Rf8 39. Nf5 Re8
40. Ne3 Rc8 41. Qd4 Re8 42. Ng4 Qe4 43. Qd6 Qe6 44. Qc5 Rc8 45. Qd4 Re8 46. Ne5
Rc8 47. f4 Re8 48. Qd3 Ra8 49. f5 Qa6 50. Qf3 Re8 51. Qd5 Qf6 52. Ng4 Qd8 53.
Qc6 Qa8 54. Qc2 Rc8 55. Qb3 Rd8 56. f6 Rd2 57. Nf2 gxf6 58. Qe3 Qa2 59. Qf4 Qb2
60. Qf3 Qc2 61. Ne4 Re2 62. Nxf6+ 1-0

[Event "Superettan(VasterasII-Rockaden,SthlmII)"]
[Site "?"]
[Date "2016.03.19"]
[Round "8"]
[White "Nilsson, Andre"]
[Black "Bryntze, Stefan"]
[Result "1-0"]
[WhiteElo "2233"]
[BlackElo "2166"]
[PlyCount "61"]
1. g3 e6 2. Bg2 d5 3. Nf3 Bd6 4. d3 Nd7 5. Nbd2 c6 6. O-O Ne7 7. b3 Qc7 8. Bb2
f6 9. e4 Nf8 10. c4 h5 11. Re1 Kf7 12. e5 fxe5 13. Nxe5+ Kg8 14. Ndf3 Bd7 15.
Rc1 Neg6 16. c5 Be7 17. Bh3 h4 18. Nxg6 Nxg6 19. Bxe6+ Bxe6 20. Rxe6 Rh6 21.
Qe2 hxg3 22. fxg3 Qd7 23. Re1 Bxc5+ 24. d4 Bb4 25. Bc1 Bxe1 26. Bxh6 Nf8 27.
Re7 Qh3 28. Rxg7+ Kh8 29. Qe5 Qe6 30. Rh7+ Kxh7 31. Qg7# 1-0

[Event "Superettan(Kamraterna-Upsala)"]
[Site "?"]
[Date "2016.03.19"]
[Round "8"]
[White "Malm Lindberg, Henrik"]
[Black "Hamark, Jesper"]
[Result "1/2-1/2"]
[WhiteElo "2223"]
[BlackElo "2325"]
[PlyCount "58"]
1. e4 d5 2. exd5 Nf6 3. c4 e6 4. dxe6 Bxe6 5. Nf3 Qe7 6. Qe2 Nc6 7. d4 Bf5 8.
a3 Na5 9. Nbd2 c5 10. dxc5 O-O-O 11. b4 Qc7 12. Bb2 Nc6 13. Ne5 Nd4 14. Bxd4
Rxd4 15. O-O-O g6 16. g3 Re4 17. Nxe4 Qxe5 18. Nd6+ Bxd6 19. Qxe5 Bxe5 20. Bd3
Bg4 21. Rde1 Bf3 22. Rhf1 Bd4 23. Re7 Rf8 24. Be2 Be4 25. f3 Bc6 26. Rd1 Bf2
27. Rf1 Bd4 28. Rd1 Bf2 29. Rf1 Bd4 1/2-1/2

[Event "Superettan(VasterasII-Rockaden,SthlmII)"]
[Site "?"]
[Date "2016.03.19"]
[Round "8"]
[White "Tuomainen, Felix"]
[Black "Backman, Andreas"]
[Result "1-0"]
[WhiteElo "2055"]
[BlackElo "2149"]
[PlyCount "83"]
1. d4 e6 2. c4 d5 3. Nc3 c6 4. Nf3 dxc4 5. e4 b5 6. a4 Bb4 7. Bd2 Nf6 8. Qb1 a6
9. b3 cxb3 10. axb5 cxb5 11. Bxb5+ Bd7 12. Bd3 O-O 13. e5 Bxc3 14. Bxc3 Nd5 15.
Bxh7+ Kh8 16. Ba5 Qc8 17. O-O b2 18. Ra3 Bb5 19. Bd3 Bc6 20. Ng5 f6 21. Bxa6
fxg5 22. Bxc8 Rxc8 23. Qxb2 Nf4 24. f3 Bd5 25. Bd2 Rxa3 26. Qxa3 Ne2+ 27. Kf2
Nxd4 28. Rc1 Nbc6 29. Be3 Rb8 30. Bxd4 Nxd4 31. Rd1 Nc6 32. Rxd5 exd5 33. e6
Nd4 34. e7 Kg8 35. Qd6 Rb2+ 36. Ke1 Re2+ 37. Kd1 Kf7 38. Qxd5+ Kxe7 39. Qxd4
Rxg2 40. Qxg7+ Ke6 41. h4 Kf5 42. h5 1-0

[Event "Superettan(Kamraterna-Upsala)"]
[Site "?"]
[Date "2016.03.19"]
[Round "8"]
[White "Madebrink, Lars"]
[Black "Sittenfeld, Johan"]
[Result "1-0"]
[WhiteElo "2215"]
[BlackElo "2182"]
[PlyCount "89"]
1. d4 d5 2. Nf3 e6 3. c4 c6 4. Qc2 f5 5. g3 Bd6 6. Bg2 Nf6 7. O-O O-O 8. b3 Qe7
9. Nbd2 b6 10. Ne5 Bb7 11. Bb2 a5 12. Rac1 Na6 13. f3 c5 14. e3 Nb4 15. Qb1 a4
16. a3 Nc6 17. b4 Rac8 18. Nxc6 Bxc6 19. dxc5 bxc5 20. b5 Bb7 21. Qc2 Ra8 22.
Rfe1 Qc7 23. cxd5 Nxd5 24. e4 Nb6 25. Bh3 Qf7 26. Nc4 Nxc4 27. Qxc4 Kh8 28.
exf5 Bd5 29. Qc3 c4 30. Rcd1 Bc5+ 31. Kh1 Rad8 32. Bg2 Be7 33. fxe6 Bxe6 34.
Rxd8 Bxd8 35. Rxe6 Bf6 36. Rxf6 gxf6 37. f4 Kg7 38. b6 Rd8 39. Be4 Rd3 40. Bxd3
Qb7+ 41. Kg1 Qxb6+ 42. Kf1 cxd3 43. Qxf6+ Qxf6 44. Bxf6+ Kxf6 45. Kf2 1-0

[Event "Superettan(VasterasII-Rockaden,SthlmII)"]
[Site "?"]
[Date "2016.03.19"]
[Round "8"]
[White "Orndahl, Markus"]
[Black "Nikolic, Vladan"]
[Result "1-0"]
[WhiteElo "2164"]
[BlackElo "2040"]
[PlyCount "63"]
1. d4 Nf6 2. Nf3 g6 3. Bf4 Bg7 4. e3 O-O 5. Be2 d6 6. c4 c5 7. Nc3 Bf5 8. Nh4
Bd7 9. h3 Qa5 10. Qd2 h6 11. Nf3 Kh7 12. d5 Qd8 13. e4 Ne8 14. O-O Nc7 15. Rfe1
Bc8 16. e5 dxe5 17. Nxe5 Nd7 18. Bd3 Ne8 19. Nxd7 Bxd7 20. Qe3 e6 21. Qxc5 a6
22. Rad1 Rc8 23. Qb4 b6 24. Be3 Rb8 25. dxe6 fxe6 26. c5 bxc5 27. Qg4 Qf6 28.
Ne4 Qf7 29. Ng5+ hxg5 30. Qh5+ Bh6 31. Bxg5 Qg7 32. Bxh6 1-0

[Event "Superettan(Kamraterna-Upsala)"]
[Site "?"]
[Date "2016.03.19"]
[Round "8"]
[White "Svensson, Mans"]
[Black "Borvander, Tom"]
[Result "1/2-1/2"]
[WhiteElo "2135"]
[BlackElo "2159"]
[PlyCount "102"]
1. d4 Nf6 2. c4 g6 3. f3 Bg7 4. e4 d6 5. Nc3 O-O 6. Bg5 c5 7. d5 e6 8. Qd2 exd5
9. cxd5 Re8 10. Nge2 a6 11. a4 Nbd7 12. Ng3 Qa5 13. Ra3 h5 14. Be2 Nh7 15. Bf4
Ne5 16. O-O Rb8 17. Nh1 Qd8 18. Nf2 Bd7 19. a5 Qe7 20. h3 g5 21. Bh2 Qf6 22. f4
gxf4 23. Bxf4 Qg6 24. Na4 h4 25. Nc3 Kh8 26. Kh1 Rg8 27. Rg1 f5 28. Rb3 fxe4
29. Ncxe4 Bf5 30. Ng5 Nxg5 31. Bxg5 Rbf8 32. Bxh4 Bh6 33. Qc3 Rg7 34. Rb6 Be4
35. Ng4 Bf4 36. b4 Nxg4 37. Bxg4 Be5 38. Qe1 c4 39. Bg3 Re8 40. Bxe5 Rxe5 41.
Qh4+ Rh7 42. Qg3 Rhe7 43. Rf1 Kg7 44. Rxd6 Qxd6 45. Bf5+ Kh8 46. Bxe4 Rg7 47.
Rf8+ Qxf8 48. Qxe5 Qe7 49. Qd4 Qh4 50. Qe5 Qe7 51. Qd4 Qh4 1/2-1/2

[Event "Superettan(VasterasII-Rockaden,SthlmII)"]
[Site "?"]
[Date "2016.03.19"]
[Round "8"]
[White "Backman, Michael"]
[Black "Nordebrink, Johan"]
[Result "0-1"]
[WhiteElo "2053"]
[BlackElo "2147"]
[PlyCount "80"]
1. d4 Nf6 2. c4 c5 3. d5 a6 4. f3 e6 5. e4 Bd6 6. Nc3 exd5 7. cxd5 b5 8. Bd3
O-O 9. f4 c4 10. Bc2 b4 11. Nce2 Bc5 12. h3 Bb7 13. e5 Nxd5 14. Nf3 Qb6 15.
Ned4 h6 16. f5 Re8 17. Ne2 Bf2+ 18. Kf1 Be3 19. Be4 Bxc1 20. Bxd5 Bxb2 21. Rb1
Bxe5 22. Bxc4 Be4 23. Rb3 Qc6 24. Rxb4 Bxf3 25. gxf3 Qxf3+ 26. Kg1 Qxf5 27. Bd5
Nc6 28. Rg4 Bd4+ 29. Nxd4 Qxd5 30. Rh2 f5 31. Rf4 g5 32. Rg2 Kh7 33. Rxg5 Nxd4
34. Rgxf5 Rg8+ 35. Kf2 Rg2+ 36. Kf1 Nxf5 37. Qb1 Rg5 38. h4 Qg2+ 39. Ke1 Re8+
40. Kd1 Qe2+ 0-1

[Event "Superettan(Kamraterna-Upsala)"]
[Site "?"]
[Date "2016.03.19"]
[Round "8"]
[White "Svenn, Matti"]
[Black "Cederberg, Karl Olof"]
[Result "0-1"]
[WhiteElo "2157"]
[BlackElo "2179"]
[PlyCount "48"]
1. d4 Nf6 2. Nf3 d6 3. Bf4 g6 4. h3 Bg7 5. e3 O-O 6. Be2 c5 7. c3 Qb6 8. Qc1
Nc6 9. Nbd2 cxd4 10. exd4 Qc7 11. O-O e5 12. dxe5 dxe5 13. Bh2 Bh6 14. Qe1 Bf4
15. Bxf4 exf4 16. Bc4 Re8 17. Qd1 Bf5 18. b4 Rad8 19. Qb3 Ne5 20. Nxe5 Rxe5 21.
Nf3 Re4 22. Nd4 f3 23. gxf3 Rh4 24. f4 Bxh3 0-1

[Event "Superettan(VasterasII-Rockaden,SthlmII)"]
[Site "?"]
[Date "2016.03.19"]
[Round "8"]
[White "Janse, Love"]
[Black "Jovic, Rado"]
[Result "1/2-1/2"]
[WhiteElo "2156"]
[BlackElo "2037"]
[PlyCount "99"]
1. e4 c6 2. d3 d5 3. Nd2 g6 4. g3 Bg7 5. Bg2 Nf6 6. Ngf3 Bg4 7. O-O dxe4 8.
dxe4 Nbd7 9. h3 Bxf3 10. Qxf3 O-O 11. Nc4 Qc7 12. a4 Rfd8 13. a5 b5 14. axb6
axb6 15. Bf4 e5 16. Bg5 b5 17. Nd2 h6 18. Be3 c5 19. Qe2 c4 20. f4 Nh5 21. Qg4
Rxa1 22. Rxa1 exf4 23. gxf4 Bxb2 24. Ra7 Qd6 25. e5 Qe6 26. Ne4 Nf8 27. c3 b4
28. cxb4 Qxg4 29. hxg4 Nxf4 30. Bf1 Bxe5 31. Bxc4 N8e6 32. b5 Nd5 33. Bxd5 Rxd5
34. b6 Rb5 35. Kf2 Rb2+ 36. Kf1 Nd4 37. b7 Nc6 38. Ra8+ Kg7 39. Nc5 Rb1+ 40.
Ke2 Bd6 41. Rc8 Ne5 42. Bd4 f6 43. Ne4 Rxb7 44. Nxd6 Re7 45. Re8 Rxe8 46. Nxe8+
Kf7 47. Bxe5 fxe5 48. Nd6+ Ke6 49. Ne4 h5 50. Kf3 1/2-1/2

[Event "Superettan(Orgryte-Rockaden,Umea)"]
[Site "?"]
[Date "2016.03.19"]
[Round "8"]
[White "Wickstrom, Lucas"]
[Black "Tukhaev, Adam"]
[Result "0-1"]
[WhiteElo "2379"]
[BlackElo "2556"]
[PlyCount "124"]
[SourceDate "2016.04.08"]
1. d4 Nf6 2. c4 g6 3. Nc3 Bg7 4. e4 d6 5. Nf3 O-O 6. Be2 e5 7. O-O Na6 8. Re1
c6 9. h3 exd4 10. Nxd4 Nc5 11. Bf3 Qb6 12. Nc2 Be6 13. b4 Na6 14. Be3 Qc7 15.
Bf4 Rad8 16. c5 Ne8 17. Re3 Qe7 18. Rd3 Bxc3 19. Rxc3 dxc5 20. Rd3 Rxd3 21.
Qxd3 Nxb4 22. Qc3 Nxc2 23. Qxc2 Nc7 24. a4 Rd8 25. Qc3 Ne8 26. Bc1 b6 27. Bb2
f6 28. e5 f5 29. Bxc6 Nc7 30. Rb1 Nd5 31. Bxd5 Rxd5 32. Ba3 Qd8 33. a5 Rd3 34.
Qb2 Rb3 35. Qc1 Rxb1 36. Qxb1 Kf7 37. Qc1 g5 38. axb6 axb6 39. h4 h6 40. hxg5
hxg5 41. Qc2 Qd5 42. Qe2 g4 43. Qe3 Ke8 44. Bb2 Kd7 45. Qa3 Kc6 46. Qa6 Qa2 47.
Qd3 Bd5 48. Qc2 Qb3 49. Qxb3 Bxb3 50. Kf1 Bd5 51. g3 b5 52. Ke2 Be6 53. Bc1 Kd5
54. Be3 b4 55. Kd3 Bd7 56. Kc2 Ba4+ 57. Kb1 c4 58. e6 c3 59. e7 Kc4 60. Ka2 b3+
61. Ka3 b2 62. Ka2 Bc2 0-1

[Event "Superettan(Schack 08-Malmo)"]
[Site "?"]
[Date "2016.03.19"]
[Round "8"]
[White "Jobava, Baadur"]
[Black "Laveryd, Peter"]
[Result "1-0"]
[WhiteElo "2673"]
[BlackElo "2386"]
[PlyCount "67"]
1. d4 Nc6 2. e4 d5 3. Nc3 e5 4. Bb5 dxe4 5. Nge2 Bd7 6. O-O exd4 7. Nxd4 Nxd4
8. Qxd4 Bxb5 9. Qxe4+ Be7 10. Nxb5 c6 11. Qe5 Kf8 12. Nc3 Qd6 13. Qxd6 Bxd6 14.
Rd1 Bc7 15. Ne4 Re8 16. Nc5 b6 17. Na6 Bd6 18. Be3 Re6 19. c4 c5 20. b4 cxb4
21. c5 Be5 22. Rac1 Nf6 23. cxb6 axb6 24. Nxb4 h5 25. Nc6 Bb2 26. Rc2 Ba3 27.
Rd8+ Re8 28. Bxb6 h4 29. Rc3 Rxd8 30. Bxd8 Bd6 31. Bxf6 gxf6 32. Rd3 Be7 33.
Rd7 Rh5 34. Nxe7 1-0

[Event "Superettan(Solna-Vaxjo)"]
[Site "?"]
[Date "2016.03.19"]
[Round "8"]
[White "Carstensen, Jacob"]
[Black "Valmana Canto, Jaime"]
[Result "1-0"]
[WhiteElo "2354"]
[BlackElo "2431"]
[PlyCount "109"]
1. d4 Nf6 2. c4 e6 3. Nc3 Bb4 4. f3 O-O 5. a3 Bxc3+ 6. bxc3 Ne8 7. e4 b6 8. Bd3
Ba6 9. a4 Nc6 10. c5 Bxd3 11. Qxd3 bxc5 12. Ba3 d6 13. dxc5 d5 14. exd5 exd5
15. Ne2 Qh4+ 16. Ng3 Qxa4 17. Qxd5 Nf6 18. Qa2 Rfe8+ 19. Kf2 Ne5 20. Rhd1 Rad8
21. Rxd8 Rxd8 22. Bb4 Qd7 23. Kg1 h5 24. h4 Ng6 25. Qc4 Qd2 26. Nf1 Qc2 27. Ne3
Qb2 28. Qa2 Rd2 29. Qxb2 Rxb2 30. Rxa7 Re2 31. Nf5 Nf4 32. g3 Nh3+ 33. Kf1 Rf2+
34. Ke1 Rxf3 35. Nd4 Rxg3 36. Rxc7 Nd5 37. Rd7 Nhf4 38. c6 Re3+ 39. Kd2 Rd3+
40. Kc1 Rxd4 41. cxd4 Nd3+ 42. Kd2 N3xb4 43. c7 Nxc7 44. Rxc7 Kf8 45. Rc5 Ke7
46. Kc3 Na6 47. Rxh5 Nc7 48. Kc4 f6 49. Ra5 Kd6 50. Ra7 Kc6 51. h5 Kd6 52. Rb7
Kc6 53. Rb8 Kd6 54. Rg8 Ne6 55. Rxg7 1-0

[Event "Superettan(Orgryte-Rockaden,Umea)"]
[Site "?"]
[Date "2016.03.19"]
[Round "8"]
[White "Ziegler, Ari"]
[Black "Petrov, Marijan"]
[Result "0-1"]
[WhiteElo "2295"]
[BlackElo "2465"]
[PlyCount "102"]
1. e4 c5 2. Nf3 Nc6 3. d4 cxd4 4. Nxd4 Qb6 5. Nb3 Nf6 6. Nc3 e6 7. Qe2 Bb4 8.
Bd2 O-O 9. a3 Bxc3 10. Bxc3 e5 11. O-O-O Qc7 12. g4 d6 13. g5 Nd7 14. Qe3 Nb6
15. f4 a5 16. fxe5 dxe5 17. h4 Bg4 18. Rd2 a4 19. Nc5 Rfd8 20. Qg3 Rxd2 21.
Bxd2 Bh5 22. Bc3 Rd8 23. Bd3 Nd4 24. Bb4 Nc6 25. Kb1 Nxb4 26. axb4 Ra8 27. Bb5
Nc8 28. Re1 Nd6 29. Bf1 b6 30. Qxe5 bxc5 31. bxc5 Nb5 32. Qd5 Rd8 33. Bxb5 Rxd5
34. exd5 f5 35. d6 Qa5 36. Bc4+ Kf8 37. Re5 f4 38. d7 f3 39. Bb5 Qd8 40. Rd5
Ke7 41. Re5+ Kf8 42. c6 f2 43. Rf5+ Ke7 44. Rxf2 Qa5 45. c7 Qxc7 46. Rd2 Kd8
47. c4 Bg6+ 48. Ka2 Bf7 49. b3 Qa5 50. Re2 axb3+ 51. Kb1 Bg6+ 0-1